000 00981nam a22003017a 4500
001 BR8603203
003 BR-BrBNA
005 20230928092301.0
007 ta
008 230509b bl.||||| |||| 00| 0 por d
040 _aBR-BrBNA
_bpor
_cBiblioteca Nacional de Agricultura
041 _a(Por)
072 _aE14; E50; N01
_b/G514
090 _ E14 BR8603203
110 1 _aComissao Estadual de Planejamento Agricola, Fortaleza, CE (Brasil)
_92048
245 1 _aPrograma de apoio ao pequeno produtor rural. Programa - recursos hidricos. Anexo 2 - abastecimento d'agua e melhorias sanitarias [Ceara]
_bv. 3 tomo 3
260 3 _aFortaleza, CE (Brasil):
_c1986.
300 _a134 p.
500 _a11 illus.; 16 tables
650 _aPROJETO DE DESENVOLVIMENTO
650 _aDESENVOLVIMENTO RURAL
650 _aPEQUENO PRODUTOR
650 _aABASTECIMENTO DE AGUA
650 _aSANEAMENTO RURAL
650 _aCEARA
909 _a202309
_bLucia
_c55
_dLucia Elande
942 _cBK
999 _c38103
_d38103